| Tag |
First Indicator |
Second Indicator |
Subfields |
| LEADER |
00000nam a2200000 4500 |
| 001 |
in00004288939 |
| 005 |
20200813080951.0 |
| 006 |
m g d |
| 007 |
cr bn |||a|bb| |
| 008 |
940418s1657 enk o 00| | eng d |
| 035 |
|
|
|a (UnM)99866708
|
| 037 |
|
|
|a CL0051000005
|b ProQuest Information and Learning. 300 N. Zeeb Rd., Ann Arbor, MI 48106
|
| 040 |
|
|
|a Cu-RivES
|c Cu-RivES
|d CStRLIN
|e dcrb
|d WaOLN
|
| 100 |
1 |
|
|a Fox, George,
|d 1624-1691.
|
| 245 |
1 |
0 |
|a Of bowings, :
|b shewing such as are not to bow, nor worship, nor so to doe, are commanded of God. As bow, and worship without, and contrary to the command of God. As are to bow according as God hath commanded.
|c By G. Fox.
|
| 260 |
|
|
|a London :
|b printed for Thomas Simmons at the Bull and Mouth near Aldersgate,
|c 1657.
|
| 300 |
|
|
|a 1 online resource ([2], 30 pages)
|
| 336 |
|
|
|a text
|b txt
|2 rdacontent
|
| 337 |
|
|
|a computer
|b c
|2 rdamedia
|
| 338 |
|
|
|a online resource
|b cr
|2 rdacarrier
|
| 500 |
|
|
|a Annotation on Thomason copy: "a goose", "Decem: 27.".
|
| 500 |
|
|
|a Reproduction of the original in the British Library.
|
| 510 |
4 |
|
|a Wing (2nd edition)
|c F1869.
|
| 510 |
4 |
|
|a Thomason
|c E.932[5].
|
| 533 |
|
|
|a Electronic reproduction.
|b Ann Arbor, Mich. :
|c UMI,
|d 1999-
|f (Early English books online)
|n Digital version of: (Thomason Tracts ; 140:E932[5])
|7 s1999 miun s
|
| 650 |
|
0 |
|a Society of Friends
|v Apologetic works
|v Early works to 1800.
|
| 650 |
|
0 |
|a Etiquette
|v Early works to 1800.
|
| 650 |
|
0 |
|a Social classes
|z Great Britain
|v Early works to 1800.
|
| 830 |
|
0 |
|a Early English books online.
|
| 856 |
4 |
0 |
|u http://proxy.library.tamu.edu/login?url=https://search.proquest.com/docview/2240952776
|z Connect to the full text of this electronic book
|t 0
|
| 999 |
f |
f |
|s 5d70ada1-f092-341f-96fd-f625c8b8bc77
|i e24800d3-0227-38c7-bf54-0fceb380bd5b
|t 0
|
| 952 |
f |
f |
|a Texas A&M University
|b College Station
|c Electronic Resources
|d Available Online
|t 0
|h No information provided
|
| 998 |
f |
f |
|t 0
|l Available Online
|